Az egészségturizmus jelenléte a Közép-Dunántúli régióban

Bibliográfiai részletek
Szerző: Megyeri Roxána
További közreműködők: Nagy Dr. Adrienne
Dokumentumtípus: Diplomadolgozat
Kulcsszavak:Egészségturizmus
Közép-Dunántúl
Országos Egészségbiztosítási Pénztár - OEP
Regionális turizmus
Online Access:http://dolgozattar.uni-bge.hu/4724

MARC

LEADER 00000nta a2200000 i 4500
001 dolg4724
005 20160216104337.0
008 151214suuuu hu om 000 hun d
040 |a BGE Dolgozattár Repozitórium  |b hun 
041 |a hu 
100 1 |a Megyeri Roxána 
245 1 3 |a Az egészségturizmus jelenléte a Közép-Dunántúli régióban  |c Megyeri Roxána  |h [elektronikus dokumentum] 
246 1 1 |a Az egészségturizmus jelenléte a Közép-Dunántúli régióban 
695 |a Egészségturizmus 
695 |a Közép-Dunántúl 
695 |a Egészségturizmus 
695 |a Országos Egészségbiztosítási Pénztár - OEP 
695 |a Regionális turizmus 
700 1 |a Nagy Dr. Adrienne  |e ths 
856 4 0 |u http://dolgozattar.uni-bge.hu/4724/1/Megyeri%20Rox%C3%A1na%20-%20SZAKDOLGOZAT.pdf  |z Dokumentum-elérés